|
|
|
|
| LEADER |
00632nab a2200193 i 4500 |
| 001 |
acta19355 |
| 005 |
20251014083926.0 |
| 008 |
161015s1943 hu o 000 hun d |
| 040 |
|
|
|a SZTE Egyetemi Kiadványok Repozitórium
|b hun
|
| 041 |
|
|
|a hun
|
| 100 |
1 |
|
|a Buza László
|
| 245 |
1 |
0 |
|a Háború és nemzetközi jog
|h [elektronikus dokumentum] /
|c Buza László
|
| 260 |
|
|
|c 1943
|
| 300 |
|
|
|a 547-556
|
| 490 |
0 |
|
|a Délvidéki szemle
|v 2
|
| 650 |
|
4 |
|a Társadalomtudományok
|
| 650 |
|
4 |
|a Jogtudomány
|
| 695 |
|
|
|a Nemzetközi jog - 20. sz.
|
| 856 |
4 |
0 |
|u http://acta.bibl.u-szeged.hu/19355/1/delvideki_szemle_002_547-556.pdf
|z Dokumentum-elérés
|